| 000 | 00590nam a22001817a 4500 | ||
|---|---|---|---|
| 005 | 20251108165327.0 | ||
| 008 | 250721s2000 xx 000 0 ara d | ||
| 082 | 1 | 4 | _a956.65/صاي |
| 100 | 1 | _aالصايغ، فاطمه | |
| 245 | 1 | 0 | _aالإمارات العربية المتحدة من القبيلة إلى الدولة / |
| 264 | 1 |
_aالعين : _bدار الكتاب الجامعي، _c2000. |
|
| 300 | _a317ص | ||
| 650 | 1 | 7 | _aدولة الإمارات العربيه المتحدة |
| 650 | 1 | 7 | _aالتاريخ |
| 650 | 1 | 7 | _aابو ظبي |
| 942 |
_2ddc _cBK |
||
| 999 |
_c25197 _d25197 |
||